|
|
|
|
| LEADER |
00000 km a2200000 a 4500 |
| 001 |
vtls001220889 |
| 003 |
SK-MaSNL |
| 005 |
20260331203646.0 |
| 007 |
kf co |
| 008 |
231206s1977 xo 0k|slo |
| 035 |
|
|
|a SNK000165889
|
| 040 |
|
|
|a SNK
|b slo
|c SNK
|e AACR2
|
| 041 |
0 |
|
|a slo
|
| 044 |
|
|
|a xo
|c SK
|
| 080 |
|
|
|a 779
|2 1981
|
| 080 |
|
|
|a 725.751
|2 2001
|
| 080 |
|
|
|a 908(437.6)
|2 2011
|
| 080 |
|
|
|a (084.121)
|2 2011
|
| 100 |
1 |
|
|a Absolon, Ľudovít,
|d 1909-1988
|4 pht
|9 38194
|
| 245 |
1 |
0 |
|a Bardejovské kúpele - kúpeľný dom
|h grafika
|b bardejovské pramene liečivej vody sú spomínané už 1247...
|c foto Ľudovít Absolon
|
| 260 |
|
|
|a Bratislava
|b Pravda
|c 1977
|
| 300 |
|
|
|a 1 pohľadnica
|b farebná
|c 11x15 cm
|
| 650 |
0 |
7 |
|a kúpeľné budovy
|2 SNKPH
|9 102104
|
| 651 |
|
7 |
|a Bardejovské Kúpele (Bardejov, Slovensko)
|2 SNKPH
|9 187552
|
| 655 |
|
7 |
|a miestne pohľadnice
|2 SNKPH
|9 70510
|
| 958 |
|
|
|a GC
|
| 958 |
|
|
|a GBN
|
| 958 |
|
|
|a OND
|
| 999 |
|
|
|c 538708
|d 540638
|
| 952 |
|
|
|t P60, <03>, [BOOK], {603}
|a SNK
|b SNK
|y PREZ
|7 0
|o snkSP 147785
|i snkPV 284/96
|0 0
|1 0
|4 0
|d 1996-09-26
|l 0
|r 2005-01-01 00:00:00
|w 2026-02-23
|